[Event "Sveins 10. minneturnering"]
[Site "Oslo"]
[Date "2017.06.27"]
[Round "8"]
[White "Djurhuus, Rune"]
[Black "Westerinen, Heikki M.J."]
[Result "1/2-1/2"]
[WhiteElo "2421"]
[BlackElo "2305"]
[PlyCount "89"]
[EventDate "2017.??.??"]

1. d4 d5 2. c4 dxc4 3. Nf3 a6 4. a4 Bf5 5. Nc3 Nf6 6. e3 e6 7. Bxc4 Bb4 8. O-O
O-O 9. Nh4 Bg4 10. f3 Bh5 11. g3 c5 12. Na2 Ba5 13. dxc5 Qxd1 14. Rxd1 g5 15.
g4 Nxg4 16. fxg4 Bxg4 17. Rd4 Bh5 18. Ng2 Nc6 19. b4 Nxd4 20. exd4 Bd8 21. Be3
Bf6 22. Rf1 Kg7 23. d5 exd5 24. Bxd5 Rab8 25. b5 axb5 26. axb5 Rfd8 27. Nb4 Be2
28. Rxf6 Kxf6 29. Bd4+ Kg6 30. b6 Bf3 31. Ne3 Bxd5 32. Nexd5 Kh6 33. h4 gxh4
34. Be3+ Kh5 35. c6 bxc6 36. Nxc6 Rxd5 37. Nxb8 Rb5 38. Nc6 Kg4 39. Bd4 f6 40.
Kh2 h3 41. Nd8 Rd5 42. Nc6 Rb5 43. Nd8 Rd5 44. Nc6 Rb5 45. Nd8 
1/2-1/2

[Event "Sveins 10. minneturnering"]
[Site "Oslo"]
[Date "2017.06.27"]
[Round "8"]
[White "Haug, Johannes"]
[Black "Ostrovskiy, Aleksandr A"]
[Result "0-1"]
[WhiteElo "2335"]
[BlackElo "2381"]
[PlyCount "146"]
[EventDate "2017.??.??"]

1. e4 e6 2. d4 d5 3. Nd2 c5 4. Ngf3 cxd4 5. exd5 Qxd5 6. Bc4 Qd7 7. O-O Nc6 8.
Nb3 a6 9. Nbxd4 Nxd4 10. Qxd4 Qxd4 11. Nxd4 Nf6 12. Be2 e5 13. Nb3 Bf5 14. c4
O-O-O 15. Be3 Be7 16. Rac1 Kc7 17. h3 h5 18. Rfd1 Rxd1+ 19. Bxd1 Nd7 20. Be2
Be6 21. f4 h4 22. fxe5 Nxe5 23. Nd4 Bd7 24. Bf4 Bf6 25. Nf3 Re8 26. Kf2 Kc8 27.
Nxe5 Bxe5 28. Bxe5 Rxe5 29. Bf3 Kc7 30. Rd1 Be6 31. b3 b6 32. Rd4 g5 33. Rd2 f5
34. Rd4 a5 35. a3 Rc5 36. Be2 Re5 37. Bf3 Bf7 38. b4 Be6 39. Be2 f4 40. Rd2 Re3
41. c5 bxc5 42. Rc2 Re5 43. bxa5 Kb7 44. Rb2+ Ka7 45. Rb6 Bc8 46. Rg6 Bb7 47.
Rg7 c4 48. Bxc4 Rxa5 49. a4 Rc5 50. Bd3 Kb6 51. Rf7 Rc3 52. Rf6+ Kc5 53. Rf5+
Kd4 54. Be2 Rc2 55. Rf6 Bxg2 56. Kxg2 Rxe2+ 57. Kg1 Ke4 58. a5 Ra2 59. a6 Kf3
60. Rg6 Ra5 61. a7 Rxa7 62. Rxg5 Ra1+ 63. Kh2 Ke3 64. Re5+ Kf2 65. Rf5 Kf3 66.
Rg5 Ra4 67. Rg4 Ke3 68. Rxh4 Ra2+ 69. Kh1 Ra1+ 70. Kh2 f3 71. Rh8 f2 72. Re8+
Kd4 73. Rd8+ Ke5 0-1

[Event "Sveins 10. minneturnering"]
[Site "Oslo"]
[Date "2017.06.27"]
[Round "8"]
[White "Vestby-Ellingsen, Mads"]
[Black "Haubro, Martin"]
[Result "0-1"]
[WhiteElo "2179"]
[BlackElo "2365"]
[PlyCount "108"]
[EventDate "2017.??.??"]

1. e4 e5 2. Nf3 Nc6 3. Bb5 a6 4. Ba4 Nf6 5. O-O Be7 6. d3 d6 7. c3 O-O 8. Nbd2
b5 9. Bc2 Nb8 10. Re1 Nbd7 11. Nf1 Re8 12. Ng3 Bf8 13. d4 g6 14. a4 Bb7 15. Bd3
c6 16. Bg5 Qb6 17. Qd2 c5 18. d5 c4 19. Bc2 Bg7 20. Ra3 Nc5 21. axb5 axb5 22.
Rea1 Rxa3 23. Rxa3 Bc8 24. h3 Qc7 25. Qe1 Bd7 26. Qa1 Na4 27. Nd2 h6 28. Be3
Kh7 29. Ne2 Rb8 30. Nc1 Ng8 31. Na2 Ne7 32. Nb4 Rc8 33. Qa2 f5 34. f3 fxe4 35.
fxe4 g5 36. Na6 Qd8 37. Bxa4 bxa4 38. Nxc4 Bb5 39. Nb6 Bxa6 40. Nxc8 Qxc8 41.
Rxa4 Bd3 42. Qa3 Qe8 43. Bf2 Qh5 44. Qa1 Qe2 45. Ra7 Ng6 46. Rf7 Nf4 47. g3
Nxh3+ 48. Kh2 Nxf2 49. Qa7 Ng4+ 50. Kh3 Qh2+ 51. Kxg4 Be2+ 52. Rf3 Qh1 53. Kf5
Qh3+ 54. g4 Qxf3+ 
0-1

[Event "Sveins 10. minneturnering"]
[Site "Oslo"]
[Date "2017.06.23"]
[Round "8"]
[White "Kovachev, Daniel Jakobsen"]
[Black "Lund, Gunnar"]
[Result "1-0"]
[WhiteElo "2308"]
[BlackElo "1914"]
[PlyCount "99"]
[EventDate "2017.??.??"]

1. Nf3 Nf6 2. g3 d5 3. Bg2 e6 4. O-O Be7 5. d3 b6 6. Nbd2 Bb7 7. e3 O-O 8. Qe2
Nbd7 9. b3 e5 10. Bb2 Bd6 11. c4 e4 12. dxe4 dxe4 13. Nd4 Be5 14. f4 exf3 15.
N2xf3 Bxd4 16. Nxd4 Bxg2 17. Qxg2 Ng4 18. Rae1 Nge5 19. Re2 Qe8 20. Kh1 Kh8 21.
h3 f6 22. Nb5 Qc8 23. Rd2 a6 24. Nc3 Re8 25. Nd5 c6 26. Nf4 Nc5 27. g4 Qc7 28.
Rfd1 Ne6 29. Rd6 Nxf4 30. exf4 Ng6 31. f5 Nf4 32. Qxc6 Qxc6+ 33. Rxc6 Nxh3 34.
Rd2 Rab8 35. Kg2 Ng5 36. Ba3 h6 37. Bd6 Rb7 38. Bf4 Ree7 39. Rd8+ Kh7 40. Bxg5
hxg5 41. Rcc8 g6 42. Rh8+ Kg7 43. Rhg8+ Kh6 44. Rxg6+ Kh7 45. Rxf6 Re3 46. Rcc6
Re2+ 47. Kf3 Rxa2 48. Rh6+ Kg7 49. Rcg6+ Kf8 50. Rh8+ 
1-0

[Event "Sveins 10. minneturnering"]
[Site "Oslo"]
[Date "2017.06.23"]
[Round "8"]
[White "Ranaldi, Lucas"]
[Black "Merkesvik, Sondre"]
[Result "1-0"]
[WhiteElo "2278"]
[BlackElo "2220"]
[PlyCount "111"]
[EventDate "2017.??.??"]

1. c4 Nf6 2. g3 g6 3. Bg2 d5 4. cxd5 Nxd5 5. Qb3 c6 6. Nc3 Nb6 7. Nf3 Bg7 8.
O-O e5 9. Qa3 Qe7 10. Qxe7+ Kxe7 11. b3 f6 12. Ba3+ Kf7 13. Rad1 Bf8 14. Bxf8
Rxf8 15. d4 exd4 16. Rxd4 Na6 17. Ne4 Ke7 18. Nd6 Nd5 19. Nxc8+ Raxc8 20. Re1
Rcd8 21. Rh4 h5 22. e4 Ndb4 23. e5 Nd3 24. exf6+ Kxf6 25. Rd1 Rfe8 26. Bf1 Ne5
27. Rf4+ Kg7 28. Rxd8 Nxf3+ 29. Rxf3 Rxd8 30. Bxa6 bxa6 31. Rc3 Rd2 32. a4 Rd6
33. Rc5 Kf6 34. Ra5 Rd3 35. Rxa6 Rxb3 36. Rxc6+ Kf5 37. Rc7 h4 38. Kg2 hxg3 39.
hxg3 g5 40. Rxa7 g4 41. Ra8 Ra3 42. a5 Ra1 43. a6 Kg6 44. a7 Kh7 45. Kh2 Ra2
46. Kg1 Ra1+ 47. Kg2 Kg7 48. Rb8 Rxa7 49. Rb4 Kf6 50. Rxg4 Kf5 51. Rb4 Ra2 52.
g4+ Kg5 53. Kg3 Ra1 54. f4+ Kg6 55. Rb6+ Kg7 56. f5 
1-0

[Event "Sveins 10. minneturnering"]
[Site "Oslo"]
[Date "2017.06.27"]
[Round "8"]
[White "Solberg, Joachim"]
[Black "Moen, Ole Christian"]
[Result "0-1"]
[WhiteElo "2257"]
[BlackElo "2178"]
[PlyCount "94"]
[EventDate "2017.??.??"]

1. e4 e5 2. Nf3 Nc6 3. Nc3 Nf6 4. d4 exd4 5. Nxd4 Bc5 6. Be3 Bb6 7. Nxc6 bxc6
8. Bxb6 axb6 9. Bd3 O-O 10. O-O Re8 11. Re1 d6 12. a4 Ng4 13. h3 Ne5 14. f4 Ng6
15. Qf3 Qf6 16. Rf1 Bd7 17. Kh2 Qd4 18. e5 Qb4 19. exd6 cxd6 20. Ne4 d5 21. Ng5
Nf8 22. Qh5 g6 23. Qh6 Qxb2 24. f5 Qg7 25. Qxg7+ Kxg7 26. fxg6 fxg6 27. Rf7+
Kg8 28. Raf1 h6 29. Nh7 Be6 30. Rxf8+ Rxf8 31. Nxf8 Rxf8 32. Rb1 Rb8 33. Bxg6
Kg7 34. Bd3 Kf6 35. c3 c5 36. a5 c4 37. Bc2 b5 38. Ba4 Bd7 39. a6 Ke5 40. a7
Ra8 41. Bxb5 Bxb5 42. Rxb5 Rxa7 43. Rb1 Ra3 44. Re1+ Kf4 45. g3+ Kf3 46. Re5
Ra2+ 47. Kg1 d4 
0-1

[Event "Sveins 10. minneturnering"]
[Site "Oslo"]
[Date "2017.06.27"]
[Round "8"]
[White "Al-Tarbosh, Ward"]
[Black "Sousa, Ludy Helsio P"]
[Result "0-1"]
[WhiteElo "2248"]
[BlackElo "2159"]
[PlyCount "152"]
[EventDate "2017.??.??"]

1. e4 c5 2. Nf3 a6 3. c3 d6 4. d4 Nd7 5. Bd3 Qc7 6. O-O g6 7. Bf4 e5 8. Be3 Bg7
9. dxe5 dxe5 10. c4 Ne7 11. Nc3 O-O 12. Qd2 Re8 13. Rac1 Nc6 14. Nd5 Qd6 15. b4
Nxb4 16. Nxb4 cxb4 17. c5 Qc7 18. Qxb4 Nb8 19. Rb1 Bf8 20. Bc4 h6 21. Bd5 Nc6
22. Qb6 Qd7 23. Rfd1 a5 24. h3 Kg7 25. Qb2 f6 26. Qd2 Kh7 27. Bg8+ Kxg8 28.
Qxd7 Bxd7 29. Rxd7 Nd8 30. Rb6 Re7 31. Rdd6 Bg7 32. Nd2 Kf7 33. Nc4 Rc7 34.
Bxh6 Bxh6 35. Rxf6+ Kg8 36. Rxg6+ Bg7 37. Nd6 Kh7 38. Nf5 Bf8 39. Rg4 Rc6 40.
Rb3 Rg6 41. Rd3 Rxg4 42. hxg4 Kg6 43. Rd7 Rc8 44. Nd6 Bxd6 45. cxd6 b5 46. Rc7
Rb8 47. d7 Rb7 48. Rc5 Kf6 49. g5+ Kxg5 50. Rxe5+ Kf4 51. Re7 b4 52. g3+ Kf3
53. Rh7 Kxe4 54. Rh5 a4 55. Ra5 a3 56. Kf1 Kd4 57. Ke2 Rxd7 58. Kd2 Kc4+ 59.
Kc2 Nc6 60. Ra8 Nd4+ 61. Kc1 Kd3 62. Re8 Ne2+ 63. Kb1 Rh7 64. Rd8+ Nd4 65. Rc8
Rh2 66. Rc1 Rxf2 67. Rd1+ Ke3 68. Re1+ Kf3 69. g4 Rb2+ 70. Kc1 Ne2+ 71. Kd1
Nc3+ 72. Kc1 Nxa2+ 73. Kd1 Nc3+ 74. Kc1 b3 75. Rf1+ Ke2 76. Rh1 Rc2# 
0-1

[Event "Sveins 10. minneturnering"]
[Site "Oslo"]
[Date "2017.06.27"]
[Round "8"]
[White "Haubro, Sigfred"]
[Black "Ingebretsen, Jens E"]
[Result "1-0"]
[WhiteElo "2175"]
[BlackElo "2014"]
[PlyCount "55"]
[EventDate "2017.??.??"]

1. Nf3 Nf6 2. b3 g6 3. Bb2 Bg7 4. e3 O-O 5. Be2 d6 6. d4 c5 7. O-O Nbd7 8. d5
b5 9. c4 Rb8 10. Bc3 Nb6 11. Nbd2 e6 12. dxe6 Bxe6 13. cxb5 Qc8 14. Rc1 Rd8 15.
e4 Qb7 16. Qc2 Rbc8 17. Qb2 Nh5 18. Bxg7 Nxg7 19. Rfe1 h6 20. Bf1 Ne8 21. Nc4
Nc7 22. Na5 Qa8 23. Nc6 Re8 24. a4 Nd7 25. Qd2 d5 26. Qxh6 Nf6 27. Ng5 d4 28.
e5 
1-0

[Event "Sveins 10. minneturnering"]
[Site "Oslo"]
[Date "2017.06.27"]
[Round "8"]
[White "Rødsmoen, Maud"]
[Black "Nordquelle, Daniel"]
[Result "1-0"]
[WhiteElo "1947"]
[BlackElo "2143"]
[PlyCount "113"]
[EventDate "2017.??.??"]

1. Nf3 d5 2. g3 g6 3. Bg2 Bg7 4. O-O e5 5. d3 Ne7 6. e4 O-O 7. exd5 Nxd5 8. Re1
Nc6 9. Nbd2 Re8 10. Ne4 h6 11. Rb1 f5 12. Nc3 Be6 13. a3 Kh7 14. Nxd5 Bxd5 15.
b4 e4 16. Nd2 Ba2 17. Rb2 Bxb2 18. Bxb2 exd3 19. Rxe8 Qxe8 20. cxd3 Qd7 21. Qc2
Bd5 22. Bxd5 Qxd5 23. Qc3 Qd7 24. b5 Rg8 25. bxc6 Qxc6 26. Qb3 Rf8 27. Qb4 Re8
28. Qd4 Rg8 29. Nc4 b5 30. Na5 Qd6 31. Qc3 h5 32. Nb7 Qe7 33. Qd4 h4 34. gxh4
g5 35. h5 Kh6 36. Qd5 Rf8 37. Nc5 Qe1+ 38. Kg2 f4 39. Bg7+ Kxg7 40. Ne6+ Kf6
41. Nxf8 Qe7 42. Nd7+ Kg7 43. Qd4+ Kf7 44. h6 Kg6 45. Qg7+ Qxg7 46. hxg7 Kxg7
47. Kf3 a5 48. Ke4 Kg6 49. f3 Kh5 50. Kf5 Kh4 51. Nc5 c6 52. d4 Kh5 53. Ne4 a4
54. Nxg5 b4 55. Ne4 b3 56. Nc3 b2 57. Kxf4 
1-0

[Event "Sveins 10. minneturnering"]
[Site "Oslo"]
[Date "2017.06.27"]
[Round "8"]
[White "Chachkes, George D"]
[Black "Kizatbay, Abyl"]
[Result "0-1"]
[WhiteElo "1681"]
[BlackElo "2134"]
[PlyCount "96"]
[EventDate "2017.??.??"]

1. d4 Nf6 2. c4 g6 3. Nc3 d5 4. Bg5 Ne4 5. Bh4 Nxc3 6. bxc3 dxc4 7. e4 Bg7 8.
Bxc4 c5 9. Nf3 O-O 10. Rc1 cxd4 11. cxd4 Bg4 12. d5 Nd7 13. h3 Bxf3 14. Qxf3
Qa5+ 15. Ke2 b5 16. Bb3 Ne5 17. Qc3 b4 18. Qe3 Qa6+ 19. Kd2 e6 20. f4 Bh6 21.
Bf6 Nd7 22. Be7 e5 23. g3 Rfe8 24. d6 exf4 25. gxf4 Rxe7 26. dxe7 Qd6+ 27. Ke2
Bxf4 28. Bxf7+ Kxf7 29. Rhf1 g5 30. Qb3+ Kxe7 31. Rcd1 Qc5 32. Qd3 Ne5 33. Qb3
Rc8 34. Rf2 Qc4+ 35. Qxc4 Rxc4 36. Rd5 Rxe4+ 37. Kf1 Nc4 38. Rb5 h5 39. Kg2 a5
40. h4 gxh4 41. Rxh5 Bg3 42. Rf3 Re2+ 43. Kh3 Rh2+ 44. Kg4 Ne5+ 45. Rxe5+ Bxe5
46. Rf5 Ke6 47. Rh5 Rxa2 48. Rxh4 b3 
0-1

[Event "Sveins 10. minneturnering"]
[Site "Oslo"]
[Date "2017.06.23"]
[Round "8"]
[White "Lund, Terje"]
[Black "Folkvord, Svein"]
[Result "1-0"]
[WhiteElo "2095"]
[BlackElo "1885"]
[PlyCount "119"]
[EventDate "2017.??.??"]

1. Nf3 Nf6 2. d4 g6 3. g3 Bg7 4. Bg2 O-O 5. O-O d6 6. c4 Nbd7 7. Nc3 e5 8. h3
exd4 9. Nxd4 a6 10. b3 Re8 11. Bb2 Rb8 12. e3 c5 13. Nde2 b5 14. cxb5 axb5 15.
Qxd6 b4 16. Na4 Ne4 17. Qd3 Bxb2 18. Nxb2 Qe7 19. Bxe4 Qxe4 20. Qxe4 Rxe4 21.
Nf4 Nf6 22. Rfc1 Rb5 23. Kh2 Re7 24. Na4 Ne4 25. Nd3 Rc7 26. Rc4 f5 27. Rac1
Be6 28. R4c2 c4 29. bxc4 Ra5 30. Nab2 Rb7 31. Nf4 Bd7 32. Nbd3 b3 33. axb3 Rxb3
34. h4 h6 35. Ne1 g5 36. hxg5 hxg5 37. Nd5 Ra6 38. c5 Rh6+ 39. Kg2 Kf7 40. Nf3
Bc8 41. Nd4 Rb8 42. c6 f4 43. Ra1 Bh3+ 44. Kf3 Re8 45. Ra7+ Kf8 46. Nc7 g4+ 47.
Kxf4 Rf6+ 48. Nf5 Nd6 49. Rc5 Rb8 50. Ra8 Rxa8 51. Nxa8 Kf7 52. Rd5 Ne8 53. c7
Bg2 54. c8=Q Bxd5 55. Qd7+ Kg6 56. Qxd5 Ng7 57. e4 Ne6+ 58. Kxg4 Ng7 59. Ne7+
Kh6 60. Qg8 
1-0

[Event "Sveins 10. minneturnering"]
[Site "Oslo"]
[Date "2017.06.27"]
[Round "8"]
[White "Vestjord, Harald Christian"]
[Black "Lindbøl, Aleksander"]
[Result "0-1"]
[WhiteElo "1760"]
[BlackElo "2076"]
[PlyCount "90"]
[EventDate "2017.??.??"]

1. d4 Nf6 2. c4 e6 3. Nc3 Bb4 4. Qc2 O-O 5. a3 Bxc3+ 6. Qxc3 d5 7. Bg5 c6 8. e3
Nbd7 9. cxd5 exd5 10. Bd3 Re8 11. Ne2 Nf8 12. O-O Ng6 13. b4 Qd6 14. Bxf6 Qxf6
15. Ng3 Bd7 16. Rab1 Rac8 17. Qd2 Nh4 18. Be2 Bf5 19. Nxf5 Qxf5 20. Kh1 Qg6 21.
Rg1 Qd6 22. g3 Ng6 23. Bf3 Nf8 24. Bg4 Rc7 25. a4 Nd7 26. Bxd7 Qxd7 27. Rgc1
Qf5 28. Qc2 Qf3+ 29. Kg1 h5 30. Qd1 Qf5 31. h4 Rec8 32. Kg2 a6 33. Qf3 Qg6 34.
Rb3 Ra8 35. Ra3 Re7 36. Rac3 Re4 37. Kh2 Rae8 38. Rf1 Qd6 39. Rb3 Rxh4+ 40. Kg2
Rg4 41. Rh1 Qg6 42. Rb2 Re6 43. Kh2 h4 44. Qg2 hxg3+ 45. fxg3 Rxe3 
0-1

[Event "Sveins 10. minneturnering"]
[Site "Oslo"]
[Date "2017.06.27"]
[Round "8"]
[White "Kvendseth, Cornelius"]
[Black "Bergre, Joachim"]
[Result "1/2-1/2"]
[WhiteElo "1849"]
[BlackElo "2053"]
[PlyCount "54"]
[EventDate "2017.??.??"]

1. Nf3 g6 2. g3 Bg7 3. Bg2 c5 4. d4 cxd4 5. Nxd4 Nc6 6. Nxc6 bxc6 7. O-O Rb8 8.
c3 Nf6 9. Qa4 a6 10. Nd2 O-O 11. Nb3 Nd5 12. Rd1 Nb6 13. Qf4 e5 14. Qd2 d5 15.
e4 Bg4 16. f3 Be6 17. Qe2 Nc4 18. Be3 Nxe3 19. Qxe3 Qb6 20. Qxb6 Rxb6 21. Rd2
Rfb8 22. Bf1 Bh6 23. Rdd1 dxe4 24. fxe4 Bxb3 25. axb3 Rxb3 26. Rxa6 Rxb2 27.
Rd3 c5 
1/2-1/2

[Event "Sveins 10. minneturnering"]
[Site "Oslo"]
[Date "2017.06.23"]
[Round "8"]
[White "Papanek, Ella Sharpe"]
[Black "Hansen, Lars-Henrik Bech"]
[Result "0-1"]
[WhiteElo "1671"]
[BlackElo "2019"]
[PlyCount "87"]
[EventDate "2017.??.??"]

1. d4 g6 2. c4 Bg7 3. Nc3 Nf6 4. e4 d6 5. Nge2 O-O 6. f3 Nbd7 7. Ng3 c5 8. d5
a6 9. Be2 h5 10. O-O Ne5 11. a4 Ne8 12. Be3 e6 13. Qd2 exd5 14. cxd5 Bd7 15.
Bg5 f6 16. Be3 Kh7 17. h3 Nf7 18. f4 h4 19. Nh1 f5 20. Nf2 Nh6 21. e5 Qe7 22.
Nd3 b6 23. a5 c4 24. exd6 Nxd6 25. Ne5 b5 26. Bf3 Nhf7 27. Rae1 Rae8 28. Nxd7
Qxd7 29. Qf2 Bf6 30. Bc5 Qc8 31. Bb4 Rxe1 32. Rxe1 Re8 33. Rd1 Qd8 34. Qa7 Qe7
35. Qxa6 Qe3+ 36. Kh1 Qxf4 37. Ne2 Rxe2 38. Bxe2 Be5 39. Kg1 Qh2+ 40. Kf1 Qh1+
41. Kf2 Ne4+ 42. Ke3 Qxg2 43. Rf1 Ng3 44. Bf3 
0-1

[Event "Sveins 10. minneturnering"]
[Site "Oslo"]
[Date "2017.06.27"]
[Round "8"]
[White "Toby, Albert"]
[Black "Næss, Sara"]
[Result "0-1"]
[WhiteElo "2015"]
[BlackElo "1795"]
[PlyCount "90"]
[EventDate "2017.??.??"]

1. c4 Nf6 2. Nc3 d5 3. cxd5 Nxd5 4. e4 Nb6 5. d4 e6 6. Be3 N8d7 7. a4 a5 8. Bb5
Bb4 9. Nf3 O-O 10. Qc2 c6 11. Bd3 c5 12. O-O cxd4 13. Bxd4 Bc5 14. Nb5 Bxd4 15.
Nbxd4 e5 16. Nb5 Qe7 17. Rac1 Nb8 18. Qc7 Qxc7 19. Nxc7 Ra7 20. Nxe5 Nxa4 21.
b3 Nb6 22. Nb5 Ra8 23. f4 Na6 24. Nd6 Nb4 25. Bb5 Be6 26. Rf3 f6 27. Nec4 Nxc4
28. bxc4 b6 29. c5 bxc5 30. Rxc5 Ra7 31. f5 Bf7 32. Ra3 Rd8 33. Nxf7 Kxf7 34.
Bc4+ Kf8 35. Kf2 Rd2+ 36. Kg3 Rd8 37. Rb5 Nc6 38. Bd5 Ne5 39. Raxa5 Rxa5 40.
Rxa5 Ke7 41. Kf4 Nd3+ 42. Ke3 Ne5 43. Kd4 Nc6+ 44. Kc5 Nxa5 45. Kb5 Rxd5+ 
0-1

[Event "Sveins 10. minneturnering"]
[Site "Oslo"]
[Date "2017.06.23"]
[Round "8"]
[White "Mac Arthur, John"]
[Black "Tenold, Andreas"]
[Result "1-0"]
[WhiteElo "1964"]
[BlackElo "1705"]
[PlyCount "49"]
[EventDate "2017.??.??"]

1. d4 d5 2. Nc3 e6 3. e4 dxe4 4. Nxe4 Nf6 5. Bg5 Be7 6. Bxf6 Bxf6 7. Nf3 O-O 8.
c3 b6 9. Bd3 Ba6 10. Bxa6 Nxa6 11. Qe2 Nb8 12. h4 Nd7 13. O-O-O Qe7 14. g4 g6
15. g5 Bh8 16. h5 f5 17. gxf6 Bxf6 18. hxg6 hxg6 19. Rdg1 Kg7 20. Rxg6+ Kxg6
21. Ne5+ Kg7 22. Qh5 Rh8 23. Qg6+ Kf8 24. Nxd7+ Qxd7 25. Qxf6+ 
1-0

[Event "Sveins 10. minneturnering"]
[Site "Oslo"]
[Date "2017.06.27"]
[Round "8"]
[White "Greibrokk, Ingrid"]
[Black "Enersen, Eirik S"]
[Result "1-0"]
[WhiteElo "1936"]
[BlackElo "1705"]
[PlyCount "73"]
[EventDate "2017.??.??"]

1. d4 e6 2. c4 d5 3. Nc3 Nf6 4. Nf3 Be7 5. e3 O-O 6. Be2 c6 7. O-O b6 8. a3 Bb7
9. b4 Nbd7 10. Rb1 dxc4 11. Bxc4 b5 12. Bd3 Nd5 13. Qc2 g6 14. e4 Nxc3 15. Qxc3
Bf6 16. Bf4 Nb6 17. Rfd1 Qd7 18. Rbc1 Rad8 19. Be2 Rc8 20. Ne5 Bxe5 21. dxe5
Qe7 22. Qe3 Rfd8 23. Bg5 Rxd1+ 24. Rxd1 Qf8 25. Qf4 Qe8 26. Bf6 Na4 27. Rd3 c5
28. Rh3 Qf8 29. Qh4 h5 30. Bxh5 Qh6 31. Bd1 Kf8 32. Qxh6+ Ke8 33. Rd3 Bd5 34.
exd5 Nb2 35. dxe6 fxe6 36. Qh8+ Kf7 37. Rd7# 
1-0

[Event "Sveins 10. minneturnering"]
[Site "Oslo"]
[Date "2017.06.27"]
[Round "8"]
[White "Kreken, Eivind Grunt"]
[Black "Omtvedt, Per"]
[Result "1/2-1/2"]
[WhiteElo "1386"]
[BlackElo "1934"]
[PlyCount "65"]
[EventDate "2017.??.??"]

1. e4 Nf6 2. Nc3 e5 3. Nf3 Nc6 4. d4 exd4 5. Nxd4 Bb4 6. Nxc6 bxc6 7. Bd2 Qe7
8. Qe2 O-O 9. O-O-O Bxc3 10. Bxc3 Qxe4 11. f3 Qxe2 12. Bxe2 Re8 13. Bd3 d6 14.
Bxf6 gxf6 15. Rhe1 Rxe1 16. Rxe1 Be6 17. Re4 Kg7 18. Rb4 Bc8 19. Rh4 h6 20. Rb4
c5 21. Rb3 d5 22. c4 c6 23. Rc3 d4 24. Rb3 f5 25. h3 h5 26. Kd2 Kf6 27. Ke2 Ke5
28. g3 Kd6 29. f4 Kc7 30. Kf2 Bd7 31. h4 Be6 32. Be2 Rh8 33. Rf3 
1/2-1/2

[Event "Sveins 10. minneturnering"]
[Site "Oslo"]
[Date "2017.06.27"]
[Round "8"]
[White "Sundsbo, Sigve"]
[Black "Skaslien, Ingrid"]
[Result "1/2-1/2"]
[WhiteElo "1796"]
[BlackElo "1773"]
[PlyCount "97"]
[EventDate "2017.??.??"]

1. d4 Nf6 2. c4 e6 3. Nc3 Bb4 4. Qc2 c5 5. dxc5 Bxc5 6. e3 O-O 7. Nf3 Nc6 8.
Be2 b6 9. O-O a6 10. a3 Qc7 11. b4 Be7 12. Bb2 Bb7 13. Qb3 d6 14. Rfd1 Rfd8 15.
Rac1 Rac8 16. Rd2 Ng4 17. Nb5 Bf6 18. Bxf6 Nxf6 19. Rdc2 Ne4 20. Nc3 Ne7 21.
Nxe4 Bxe4 22. Rc3 Qb7 23. Ne1 Rc7 24. Bf3 Rdc8 25. Bxe4 Qxe4 26. Nd3 Qb7 27.
Qc2 Nd5 28. Rb3 Nf6 29. Nb2 Qa7 30. Qd3 Rc6 31. Rbc3 Nd7 32. Qd4 Qc7 33. Kf1
Qd8 34. Na4 Qf6 35. Qxf6 gxf6 36. Nb2 b5 37. Ke2 Ne5 38. c5 dxc5 39. bxc5 a5
40. Nd3 b4 41. Nxe5 fxe5 42. axb4 axb4 43. Rb3 Rxc5 44. Rxc5 Rxc5 45. Rxb4 Rc2+
46. Kf3 Kg7 47. e4 Rc3+ 48. Ke2 Rc2+ 49. Kf3 
1/2-1/2

[Event "Sveins 10. minneturnering"]
[Site "Oslo"]
[Date "2017.06.27"]
[Round "8"]
[White "Merkesvik, Amalie Isabel"]
[Black "Grønn, Embla Ekeland"]
[Result "1/2-1/2"]
[WhiteElo "1782"]
[BlackElo "1616"]
[PlyCount "58"]
[EventDate "2017.??.??"]

1. e4 c6 2. d4 d5 3. exd5 cxd5 4. Bd3 Nc6 5. c3 Nf6 6. Bf4 e6 7. Nf3 Bd6 8.
Bxd6 Qxd6 9. Nbd2 O-O 10. O-O Rb8 11. a4 a6 12. Re1 b5 13. axb5 axb5 14. b4 Bd7
15. Ne5 Ne7 16. Nb3 Bc6 17. f3 Nd7 18. Nxd7 Bxd7 19. Qc2 h6 20. Ra3 Nc8 21. Nc5
Nb6 22. Qd2 Nc4 23. Bxc4 dxc4 24. Qe3 Ra8 25. Rea1 Bc6 26. Qe1 Rxa3 27. Rxa3
Ra8 28. Rxa8+ Bxa8 29. Qe3 Bc6 
1/2-1/2

[Event "Sveins 10. minneturnering"]
[Site "Oslo"]
[Date "2017.06.27"]
[Round "8"]
[White "Neuzil, Torey G"]
[Black "Svanholm, Børge W"]
[Result "1/2-1/2"]
[WhiteElo "1743"]
[BlackElo "1756"]
[PlyCount "95"]
[EventDate "2017.??.??"]

1. d4 Nf6 2. Nf3 g6 3. Bg5 Bg7 4. Nbd2 O-O 5. e3 d6 6. Be2 c5 7. c3 b6 8. h3
Bb7 9. O-O Nbd7 10. Qa4 a6 11. Rad1 b5 12. Qc2 Qc7 13. Qb1 Rac8 14. Bd3 Rfe8
15. Bf4 Red8 16. Bh2 Qb6 17. Ng5 Qc6 18. e4 cxd4 19. cxd4 e6 20. Nb3 Qb6 21.
Nf3 Rc7 22. Rc1 Rdc8 23. Rxc7 Rxc7 24. Qe1 Rc8 25. Qe3 h6 26. Qf4 Ne8 27. Rc1
Rxc1+ 28. Qxc1 Kh7 29. Bf4 e5 30. dxe5 dxe5 31. Be3 Qd6 32. Qc2 Qc6 33. Qxc6
Bxc6 34. Nc5 Nxc5 35. Bxc5 Kg8 36. Bb4 f6 37. Bc2 Bf8 38. Bb3+ Kg7 39. Bxf8+
Kxf8 40. Nd2 Ke7 41. Kf1 Nc7 42. Ke2 Kd6 43. Bf7 g5 44. Ke3 Bd7 45. b4 Ne6 46.
Bxe6 Bxe6 47. a3 Kc6 48. Nf1 
1/2-1/2

[Event "Sveins 10. minneturnering"]
[Site "Oslo"]
[Date "2017.06.27"]
[Round "8"]
[White "Grindbakken, Erik"]
[Black "Hestvik, Elias"]
[Result "1-0"]
[WhiteElo "1624"]
[BlackElo "1192"]
[PlyCount "67"]
[EventDate "2017.??.??"]

1. f4 d5 2. Nf3 c5 3. e3 Bg4 4. b3 e6 5. Bb5+ Nc6 6. Bxc6+ bxc6 7. O-O Nf6 8.
Bb2 Bd6 9. Qe1 Bxf3 10. Rxf3 Rb8 11. d3 O-O 12. Nd2 Re8 13. Rd1 e5 14. f5 d4
15. e4 h6 16. Nc4 Nh5 17. Bc1 Ra8 18. Rh3 Nf6 19. Qg3 Kh7 20. Qh4 Ng8 21. Bg5
Be7 22. Bxe7 Qxe7 23. Qf2 Nf6 24. Qf3 Nd7 25. Rf1 a5 26. a4 Qf6 27. Kh1 Reb8
28. g4 Nb6 29. g5 Qxg5 30. Nxe5 Qf6 31. Ng4 Qd6 32. f6 Nd7 33. fxg7 Kxg7 34.
Qxf7+ 
1-0

[Event "Sveins 10. minneturnering"]
[Site "Oslo"]
[Date "2017.06.23"]
[Round "8"]
[White "Amarapala, Sheroni"]
[Black "Gaure, Sigurd Lauvas"]
[Result "0-1"]
[WhiteElo "1471"]
[BlackElo "1532"]
[PlyCount "98"]
[EventDate "2017.??.??"]

1. e4 c5 2. Nf3 d6 3. d4 cxd4 4. Nxd4 Nf6 5. Nc3 g6 6. Bb5+ Bd7 7. Bxd7+ Qxd7
8. O-O Bg7 9. Bg5 Nc6 10. Re1 O-O 11. h3 Rfe8 12. Qd2 h5 13. Nf3 Rad8 14. Bh6
Bh8 15. Rab1 a6 16. Nd5 Nxd5 17. Qxd5 Ne5 18. Ng5 e6 19. Qb3 d5 20. f4 Nc4 21.
Red1 Qc6 22. exd5 exd5 23. Kh1 Re3 24. c3 Re2 25. Re1 Rf2 26. Nf3 d4 27. cxd4
Rxd4 28. Re8+ Qxe8 29. Nxd4 Qe4 30. Nf3 Qxb1+ 31. Kh2 Qf1 32. Nh4 Rxf4 33. Qg3
Be5 34. Nxg6 Rg4 35. hxg4 Bxg3+ 36. Kxg3 fxg6 37. gxh5 gxh5 38. b3 Ne5 39. Bf4
h4+ 40. Kxh4 Qxf4+ 41. Kh3 Nd3 42. g3 Qf3 43. Kh4 Ne5 44. Kh3 Kg7 45. Kh2 Kg6
46. Kh3 Kg5 47. Kh2 Ng4+ 48. Kg1 Qf2+ 49. Kh1 Qh2# 
0-1

[Event "Sveins 10. minneturnering"]
[Site "Oslo"]
[Date "2017.06.27"]
[Round "8"]
[White "Sharma, Neil E"]
[Black "Vestby, Anniken"]
[Result "1-0"]
[WhiteElo "1402"]
[BlackElo "1336"]
[PlyCount "125"]
[EventDate "2017.??.??"]

1. d4 f5 2. c4 e6 3. Nf3 Nf6 4. e3 d5 5. Nc3 c6 6. Be2 Bd6 7. b3 O-O 8. Bb2 Ne4
9. Nxe4 fxe4 10. Nd2 Nd7 11. Qc2 e5 12. Bg4 Nf6 13. Bxc8 Rxc8 14. dxe5 Ng4 15.
exd6 Qxd6 16. Qc3 Qh6 17. f3 Nxe3 18. Kf2 Ng4+ 19. Ke2 exf3+ 20. Nxf3 Rce8+ 21.
Kf1 Ne3+ 22. Kf2 Qh4+ (22... Rxf3+ 23. gxf3 Qh4+ 24. Ke2 d4 25. Qxd4 Nc2+) 23.
Kg1 Qg4 24. Qxg7+ Qxg7 25. Bxg7 Kxg7 26. Rc1 Ng4 27. cxd5 cxd5 28. h3 Nf6 29.
Rc7+ Kh6 30. Rxb7 a6 31. Rb6 Ra8 32. Kh2 Kg7 33. Re1 a5 34. Nd4 a4 35. Ne6+ Kf7
36. Nxf8 Kxf8 37. Rxf6+ Kg7 38. Rd6 axb3 39. axb3 Ra5 40. Rd1 Rb5 41. Rd3 Kf7
42. R6xd5 Rxd5 43. Rxd5 Kg6 44. b4 h5 45. b5 h4 46. b6 Kf6 47. b7 Ke6 48. Rd1
Kf5 49. b8=R Kf4 50. Rf8+ Kg5 51. Rdf1 Kg6 52. Rh8 Kg7 53. Rxh4 Kg6 54. Rf3 Kg5
55. Re4 Kg6 56. h4 Kh5 57. g4+ Kg6 58. h5+ Kh6 59. g5+ Kg7 60. h6+ Kg8 61. h7+
Kg7 62. h8=Q+ Kxh8 63. g6 
1-0

[Event "Sveins 10. minneturnering"]
[Site "Oslo"]
[Date "2017.06.27"]
[Round "8"]
[White "Eriksen, Dag"]
[Black "Evenshaug, Amadeus Hestvik"]
[Result "1-0"]
[WhiteElo "1711"]
[BlackElo "1214"]
[PlyCount "43"]
[EventDate "2017.??.??"]

1. e4 e5 2. Nf3 Nc6 3. Bb5 a6 4. Bxc6 dxc6 5. Nc3 Bd6 6. d3 Nf6 7. Bg5 h6 8.
Bh4 Bg4 9. h3 Bh5 10. g4 Bg6 11. a3 Qe7 12. b4 O-O-O 13. Qd2 Bh7 14. Qe3 Kb8
15. Ke2 g5 16. Bg3 c5 17. b5 a5 18. b6 cxb6 19. Rab1 Qc7 20. Nb5 Qc6 21. Nxd6
Rxd6 22. Bxe5 
1-0